00325nam a2200121Ia 4500008004100000041000800041082001400049100001900063245004500082260004000127300002900167365000700196240624s9999 xx 000 0 und d aeng a332.6 BOR aBOROSON WARREN aPICK STOCKS LIKE WARREN BUFFETT WHAT YOU c2001aNew YorkbJohn Wiley and Sons ax, : 294 : p. : cm. ; 23 cRS